A Textbook of Engineering Mechanics (In S.I. Units) (Record no. 13602)
[ view plain ]
| 000 -LEADER | |
|---|---|
| fixed length control field | 00364cam a2200145ua 4500 |
| 020 ## - INTERNATIONAL STANDARD BOOK NUMBER | |
| ISBN | 9788131804094 |
| 082 ## - DEWEY DECIMAL CLASSIFICATION NUMBER | |
| Classification number | 620.0 |
| Item number | BAN/TE |
| 100 ## - MAIN ENTRY--AUTHOR NAME | |
| Personal name | Bansal, R K. |
| 100 ## - MAIN ENTRY--AUTHOR NAME | |
| Personal name | Sanjay Bansal. |
| 245 ## - TITLE STATEMENT | |
| Title | A Textbook of Engineering Mechanics (In S.I. Units) |
| 250 ## - EDITION STATEMENT | |
| Edition statement | 5/6 |
| 260 ## - PUBLICATION, DISTRIBUTION, ETC. (IMPRINT) | |
| Place of publication | New Delhi |
| Name of publisher | Laxmi Publications |
| Year of publication | 2013 |
| 300 ## - PHYSICAL DESCRIPTION | |
| Number of Pages | 807 |
| 942 ## - ADDED ENTRY ELEMENTS (KOHA) | |
| Koha item type | Books |
| Withdrawn status | Lost status | Damaged status | Collection code | Home library | Current library | Shelving location | Date acquired | Source of acquisition | Cost, normal purchase price | Full call number | Accession Number | Koha item type |
|---|---|---|---|---|---|---|---|---|---|---|---|---|
| KAUAET | KAUAET | General Stacks | 17/06/2016 | Aman Book Stall Calicut | 550.00 | 620.0 BAN/TE | 24638 | Books | ||||
| KAUAET | KAUAET | Scheme | 03/09/2016 | Penta Books Distributors, Calicut. | 375.00 | 620.0 BAN/TE | BB 144 | Book Bank scheme for SC students | ||||
| KAUAET | KAUAET | Scheme | 03/09/2016 | Penta Books Distributors, Calicut. | 375.00 | 620.0 BAN/TE | BB 145 | Book Bank scheme for SC students |
